| 000 | 01243cam a2200361 a 4500 | ||
|---|---|---|---|
| 001 | 13990984 | ||
| 005 | 20240910091659.0 | ||
| 008 | 050603s2005 inu f b 001 0 eng | ||
| 010 | _a 2005277451 | ||
| 015 |
_aGBA466631 _2bnb |
||
| 016 | 7 |
_a012991563 _2Uk |
|
| 020 | _a0852558716 (pbk.) | ||
| 035 | _a(OCoLC)ocm56650797 | ||
| 040 |
_aUKM _cUKM _dBWK _dOCLCQ _dDLC |
||
| 042 | _alccopycat | ||
| 043 | _af------ | ||
| 050 | 0 | 0 |
_aHQ1075.5.A35 _bR43 2005 |
| 082 | 0 | 0 |
_a305.3096 _222 |
| 245 | 0 | 0 |
_aReadings in gender in Africa / _cedited by Andrea Cornwall. |
| 260 |
_aBloomington : _bIndiana University Press ; _aOxford : _bJames Currey, _c2005. |
||
| 300 |
_avii, 247 p. ; _c24 cm. |
||
| 500 | _aPublished in association with the International African Institute. | ||
| 504 | _aIncludes bibliographical references and index. | ||
| 650 | 0 |
_aSex role _zAfrica. |
|
| 650 | 0 |
_aWomen _zAfrica _xSocial conditions. |
|
| 650 | 0 |
_aMasculinity _zAfrica. |
|
| 650 | 0 | _aSex (Psychology) | |
| 700 | 1 |
_aCornwall, Andrea, _d1963- |
|
| 710 | 2 | _aInternational African Institute. | |
| 906 |
_a7 _bcbc _ccopycat _d2 _encip _f20 _gy-gencatlg |
||
| 942 |
_2lcc _cAFRICANA |
||
| 999 |
_c32193 _d32193 |
||